Dopływy Odry - nagła śmierć - Statystyki

Ogólne statystyki
  • Ten quiz został rozwiązany 141 razy
  • Średni wynik to 8 z 16
Answers on the Grid
Answers color-coded by a green-red scale on the quiz's grid according to % correct below.
Nysa Kłodzka
Oława
Kaczawa
Bóbr
Nysa Łużycka
Mała Panew
Stobrawa
Widawa
Barycz
Warta
Ślęza
Bystrzyca
Olza
Ina
Kłodnica
Opawa
Soła
Skawa
Nida
Wieprz
Narew
Bzura
Bug
Wkra
Krzna
Orzyc
Biebrza
Wisłok
Tanew
Ropa
Łyna
Słupia
 
Statystyki odpowiedzi
Odpowiedź % Poprawnych
Nysa Łużycka
79%
Nysa Kłodzka
73%
Warta
72%
Bóbr
63%
Oława
54%
Ślęza
54%
Bystrzyca
48%
Barycz
45%
Mała Panew
45%
Olza
43%
Kaczawa
39%
Ina
34%
Widawa
31%
Stobrawa
28%
Opawa
27%
Kłodnica
25%
Nie znaleziono quizów pasujących do podanych kryteriów
Rozkład punktacji
Procent ludzi z każdym wynikiem
Percentyl według liczby udzielonych odpowiedzi
Twoja historia wyników
Nie rozwiązałeś tego quizu